Infonavit's role in the program for solving Mexico's urban and housing problems (Record no. 414444)

000 -LEADER
fixed length control field 00405cam a22001097a 4500
008 - FIXED-LENGTH DATA ELEMENTS--GENERAL INFORMATION
fixed length control field 180718b1975 xxu||||| |||| 00| 0 eng d
082 ## - DEWEY DECIMAL CLASSIFICATION NUMBER
Classification number XA4 x72 w892
245 ## - TITLE STATEMENT
Title Infonavit's role in the program for solving Mexico's urban and housing problems
Statement of responsibility, etc. By Worker's national housing fund institute
260 ## - PUBLICATION, DISTRIBUTION, ETC.
Place of publication, distribution, etc. Mexico
Name of publisher, distributor, etc. Worker's national housing fund institute
Date of publication, distribution, etc. 1975
300 ## - PHYSICAL DESCRIPTION
Extent 95p.
650 ## - SUBJECT ADDED ENTRY--TOPICAL TERM
Topical term or geographic name entry element Urban and housing
Holdings
Withdrawn status Lost status Damaged status Not for loan Permanent Location Current Location Date acquired Full call number Barcode Date last seen Price effective from Koha item type
        Indian Institute of Public Administration Indian Institute of Public Administration 2009-02-24 XA4 x72 w892 D1577 2018-07-21 2018-07-21 D

Powered by Koha